000 00435nam a2200181Ia 4500
001 2805
005 20260306144834.0
008 260306t2011||||xx |||||||||||||| ||spa||
041 _aESP
082 _a230.1
_bL558
100 _aLlull, Ramón
_eAUT
245 0 _aDisputa entre la fe i l enteniment - Teología
260 _c2011
300 _a278 páginas :
_c22 cm.
650 _aGEN
654 _aCHU
942 _cLIB
_dJUS
_fJUS
_2ddc
_n
999 _c2805
_d2805